000 00648cam a22002293a 4500
001 42392
003 PGUSA
005 20140828083948.0
008 130323s2013||||xxu|||||s|||||000 | eng d
040 _aPGUSA
_beng
042 _adc
100 1 _aHeine, Frank R.
245 1 4 _aThe Jumble Book of Rhymes :
_bRecited by the Jumbler
_h[electronic resource] /
_cFrank R. Heine
260 _bProject Gutenberg,
_c2013
506 _aPublic domain in the USA.
516 _aElectronic text
700 1 _aCooley, Jack
700 1 _aCobb, G. C.
830 0 _aProject Gutenberg
_v42392
856 4 0 _uhttp://www.gutenberg.org/ebooks/42392
942 _cEB
999 _c271644
_d271644